000 00680nam a22002297a 4500
005 20170124110114.0
010 _a965290
020 _c00.00
035 _a965290
037 _bCen Lib/ Ret
040 _aDPL
_bEN
082 _a921
_bZWE
100 _aZweig, Stefan
_929732
245 _aThe world of yesterday :
_cby Stefan Zweig
_ban autobiography /
260 _aLondon
_bCassell
_c1943
270 _bLondon
300 _a339p.
_c21cm(Hb)
500 _aIncludes bibliographical references and index
650 _aAuthors, Austrian -- 20th century -- Biography
_929733
650 _aZweig, Stefan, -- 1881-1942
_929734
942 _2ddc
_cEN
_h921
_mZWE
999 _c130641
_d130641